Catálogo

MEMORIA DEL TERCER CONGRESO INTERNACIONAL : (Registro nro. 36219)

Detalles MARC
000 -LEADER
fixed length control field 00549nam a2200169 a 4500
001 - CONTROL NUMBER
control field 36219
005 - DATE AND TIME OF LATEST TRANSACTION
control field 20180714004727.0
008 - FIXED-LENGTH DATA ELEMENTS--GENERAL INFORMATION
fixed length control field 140415s1995 mx 000 0 spa d
041 ## - LANGUAGE CODE
Language code of text/sound track or separate title spa
082 ## - DEWEY DECIMAL CLASSIFICATION NUMBER
Classification number 620
Item number ACA
100 1# - MAIN ENTRY--PERSONAL NAME
Personal name ACADEMIA MEXICANA DE INGENIERIA
245 10 - TITLE STATEMENT
Title MEMORIA DEL TERCER CONGRESO INTERNACIONAL :
Remainder of title PRESENTE Y FUTURO DE LA INGENIERIA EN MEXICO Y EN EL MUNDO
250 ## - EDITION STATEMENT
Edition statement 1a ed.
260 ## - PUBLICATION, DISTRIBUTION, ETC.
Place of publication, distribution, etc. MEXICO :
Name of publisher, distributor, etc. CONSEJO NACIONAL DE CIENCIA Y TECNOLOGIA,
Date of publication, distribution, etc. 1995
300 ## - PHYSICAL DESCRIPTION
Extent 2
650 14 - SUBJECT ADDED ENTRY--TOPICAL TERM
Topical term or geographic name entry element FUERZA Y ENERGIA
General subdivision INGENIERIA
Existencias
Withdrawn status Lost status Source of classification or shelving scheme Damaged status Not for loan Collection code Home library Current library Shelving location Date acquired Source of acquisition Inventory number Total Checkouts Full call number Barcode Date last seen Price effective from Koha item type
    Dewey Decimal Classification     Referencia Biblioteca Karol Wojtyla Biblioteca Karol Wojtyla Área de silencio 03/12/2013 Compra 151000000000000000068349   620 ACA 54579 05/01/2026 03/12/2013 Libro R
    Dewey Decimal Classification     Referencia Biblioteca Karol Wojtyla Biblioteca Karol Wojtyla Área de silencio 03/12/2013 Compra 151000000000000000068346   620 ACA 54577 05/01/2026 03/12/2013 Libro R
  Extraviado Dewey Decimal Classification       Biblioteca Karol Wojtyla Biblioteca Karol Wojtyla   03/12/2013 Compra     620 ACA 54578   03/12/2013 Libro
  Extraviado Dewey Decimal Classification       Biblioteca Karol Wojtyla Biblioteca Karol Wojtyla   03/12/2013 Compra     620 ACA 54580   03/12/2013 Libro